00629cam a22002051 4500001001300000003000400013005001700017008004100034010001700075035002000092040001800112042001200130050002700142100003000169245010600199260003100305300003500336610003500371999001700406sa 65008930 DLC20260227112158.0890913s1965 io 000 0 ind  asa 65008930  a(OCoLC)23537151 aDLCcMiUdDLC apremarc00aLAW 1 aAdamy, Thaib,edefendant.10aAtjeh mendakwa.bPidato pembelaan jang diutjapkan didepan Pengadilan Negeri Sigli, 12 September 1963. a[Banda Atjeh,ccover 1965] a127 p.billus., ports.c21 cm.10aIndonesia.bPengadilan Negeri. c65955d65955